Endodontic Prognosis (Registro nro. 10852)

000 -CABECERA
Campo de control de longitud fija 01959nam a22003257a 4500
003 - IDENTIFICADOR DEL NÚMERO DE CONTROL
Campo de control OSt
005 - FECHA Y HORA DE LA ÚLTIMA TRANSACCIÓN
Campo de control 20260416134808.0
008 - CÓDIGOS DE INFORMACIÓN DE LONGITUD FIJA
Campo de control de longitud fija 260415t2017 xxu||||| |||| 00| 0 eng d
020 ## - NÚMERO INTERNACIONAL NORMALIZADO PARA LIBROS (ISBN)
Número Internacional Normalizado para Libros (ISBN) 9783319424125
020 ## - NÚMERO INTERNACIONAL NORMALIZADO PARA LIBROS (ISBN)
Número Internacional Normalizado para Libros (ISBN) 9783319424101
040 ## - FUENTE DE LA CATALOGACIÓN
Centro catalogador de origen Unicoc
Lengua de catalogación spa
Centro que cataloga Bogotá (Dr. David Ordóñez Rueda) - Campus Norte
Centro modificador Bogotá (Dr. David Ordóñez Rueda) - Campus Norte
082 ## - NÚMERO DE LA CLASIFICACIÓN DECIMAL DEWEY
Número de clasificación 617.634
100 ## - PUNTO DE ACCESO PRINCIPAL - NOMBRE DE PERSONA
9 (RLIN) 12951
Nombre de persona Chugal, Nadia
245 ## - MENCIÓN DE TÍTULO
Título Endodontic Prognosis
Subtitulo o Resto del título : Clinical guide for optimal treatment outcome
Mención de responsabilidad etc. / Nadia Chugal, Louis M. Lin
250 ## - MENCIÓN DE EDICIÓN
Mención de edición 1 Ed.
260 ## - PUBLICATION, DISTRIBUTION, ETC. (IMPRINT)
Lugar de publicación distribución etc. Suiza :
Nombre del editor distribuidor etc. Springer ,
Fecha de publicación distribución etc. 2017
300 ## - DESCRIPCIÓN FÍSICA
Extensión 250 páginas
Otras características físicas Ilustraciones
500 ## - NOTA GENERAL
Nota general Incluye Índice y referencias bibliográficas
505 ## - NOTA DE CONTENIDO CON FORMATO
Título 1. Introduction: endodontic prognosis and outcome. --
-- 2. Microbiology and immunology of endodontic infections. --
-- 3. Diagnosis of pulpal and periradicular disease. --
-- 4. Endodontic treatment of mature teeth. --
-- 5. Regenerative approaches in endodontic therapies of immature teeth. --
-- 6. Endodontic pharmacotherapeutics. --
-- 7. Anatomy, access, and length determination. --
-- 8. Instrumentation and disinfection of root canals. --
-- 9. Obturation of root canals. --
-- 10. Restoration of endodontically treated teeth. --
-- 11. Local, systemic, and genetic considerations of endodontic treatment prognosis. --
-- 12, Criteria for outcome assessment of nonsurgical endodontic treatment. --
-- 13. From tooth retention through root canal treatment to extraction and replacement.
526 ## - NOTA DE INFORMACIÓN SOBRE EL PROGRAMA DE ESTUDIO
Institución que aplica el campo Unicoc
546 ## - NOTA DE LENGUA
Nota de lengua Español
650 #0 - PUNTO DE ACCESO ADICIONAL DE MATERIA - TÉRMINO DE MATERIA
9 (RLIN) 12954
Término de materia o nombre geográfico como elemento inicial Diagnóstico endodoncia
650 #0 - PUNTO DE ACCESO ADICIONAL DE MATERIA - TÉRMINO DE MATERIA
9 (RLIN) 12953
Término de materia o nombre geográfico como elemento inicial Pronóstico endodóncico
650 #0 - PUNTO DE ACCESO ADICIONAL DE MATERIA - TÉRMINO DE MATERIA
9 (RLIN) 9851
Término de materia o nombre geográfico como elemento inicial Enfermedades de la pulpa dental
650 #0 - PUNTO DE ACCESO ADICIONAL DE MATERIA - TÉRMINO DE MATERIA
9 (RLIN) 506
Término de materia o nombre geográfico como elemento inicial Tratamiento endodóncico
658 #0 - TÉRMINO DE INDIZACIÓN - OBJETIVO CURRICULAR
9 (RLIN) 8071
Programa Académico Especialización en Endodoncia
700 ## - PUNTO DE ACCESO ADICIONAL - NOMBRE DE PERSONA
9 (RLIN) 12952
Nombre de persona Lin, Louis M.
856 ## - LOCALIZACIÓN Y ACCESO ELECTRÓNICOS
Identificador Uniforme del Recurso (URI) https://unicoceduco-my.sharepoint.com/:b:/g/personal/direccionbiblioteca_unicoc_edu_co/IQCn2y9BlW3FSJK1GAmz2ieJAYVPA-yb61QQsIXcv8E435k
Texto del enlace Acceso online exclusivo para comunidad Unicoc
942 ## - ENTRADA PARA ELEMENTOS AGREGADOS (KOHA)
Fuente de clasificación o esquema de ordenación en estanterías
Koha [por defecto] tipo de item Libro electrónico
Existencias
Estropeado Signatura completa Fecha de adquisición Precio Fecha última consulta Tipo de item de Koha Localización actual Fuente de adquisición Estado de pérdida Localización permanente Fuente de clasificación o esquema de ordenación en estanterías Fecha del precio de reemplazo Código de barras No para préstamo
 617.6342026-04-15200000.002026-04-15Libro electrónicoBogotá (Dr. David Ordóñez Rueda) - Campus NorteCompra Bogotá (Dr. David Ordóñez Rueda) - Campus Norte 2026-04-15Ebook10852 

© 2014 UNICOC | Institución Universitaria Colegios de Colombia - UNICOC
Bogotá D.C. Autopista Norte Km. 20. Teléfono:(571)6683535
Cali: Calle 13 Norte No. 3N-13. Teléfono: (572)6608887

Con tecnología de Koha